Problem Solver - Countries of South America - Statistics

General Stats
  • This quiz has been taken 76 times
  • The average score is 4 of 12
Answer Stats
Country % Correct
Brazil
50%
Peru
46%
Bolivia
44%
Colombia
37%
Argentina
33%
Chile
31%
Ecuador
31%
Paraguay
27%
Uruguay
27%
Suriname
25%
Guyana
21%
Venezuela
17%
No matching quizzes found
Score Distribution
Percent of People with Each Score
Percentile by Number Answered
Your Score History
You have not taken this quiz